=LDR 00000nam 2200000 4500 =001 INLIS000000000044586 =005 20200221090327 =035 ##$$a 0010-101300000002508 =008 200221################g##########0#ind## =041 ##$$a Ind =082 ##$$a 155.5 =090 ##$$a 155.5 , Pon p =100 ##$$a Pontoh, Rudy S =245 1#$$a Pacaran Sehat : $b Tips & trik buat remaja /$c Rudy S. Pontoh =260 ##$$a Jakarta :$b Gramedia,$c 2006 =300 ##$$a xxii, 137 hlm. ; $c 13,5x20 cm. =850 ##$$a NBPNMAT =020 ##$$a 979-22-2200-6 =084 ##$$a 155.5 PON p =650 #4$$a Psikologi Remaja =990 ##$$a 21105837 =990 ##$$a 21105839 =990 ##$$a 0001/BPAP-NTB/2015